Statistiken für Chemie: "1 Buchstaben" Elemente

Klicken Sie hier um das Quiz zu spielen!

Allgemein

  • Dieses Quiz wurde 103 mal gespielt
  • Das Durchschnittsergebnis liegt bei 7 aus 14

Antwortstatistiken

Element% Korrekt
Wasserstoff
93%
Sauerstoff
81%
Stickstoff
71%
Kohlenstoff
70%
Bor
58%
Iod
55%
Schwefel
51%
Fluor
49%
Kalium
41%
Uran
41%
Phosphor
40%
Wolfram
23%
Vanadium
18%
Yttrium
14%

Verteilung der Resultate

Perzentil nach korrekt beantworteten Fragen

Anzahl Personen mit jedem Resultat

Ihre Resultats-Entwicklung

Sie haben dieses Quiz noch nicht gespielt